Stress responses in plants: Adaptation and acclimation mechanisms (Record no. 40356)

MARC details
000 -LEADER
fixed length control field 00514nam a2200181Ia 4500
082 ## - DEWEY DECIMAL CLASSIFICATION NUMBER
Classification number 581.5.4
Item number ALS
245 #0 - TITLE STATEMENT
Title Stress responses in plants: Adaptation and acclimation mechanisms
260 ## - PUBLICATION, DISTRIBUTION, ETC. (IMPRINT)
Place of publication New York
Name of publisher John Wiley
Year of publication 1990
490 ## - SERIES STATEMENT
Series statement Plant Biology V 12
650 ## - SUBJECT ADDED ENTRY--TOPICAL TERM
Topical Term Ethylene
650 ## - SUBJECT ADDED ENTRY--TOPICAL TERM
Topical Term Plant acclimatization
650 ## - SUBJECT ADDED ENTRY--TOPICAL TERM
Topical Term Plants adaptation
650 ## - SUBJECT ADDED ENTRY--TOPICAL TERM
Topical Term Stress response
700 ## - ADDED ENTRY--PERSONAL NAME
Personal name Alscher, Ruth G
700 ## - ADDED ENTRY--PERSONAL NAME
Personal name Cumming, Jonathan R
942 ## - ADDED ENTRY ELEMENTS (KOHA)
Koha item type Books
Holdings
Withdrawn status Lost status Damaged status Not for loan Home library Current library Date acquired Cost, normal purchase price Full call number Accession Number Koha item type
        RRII Library RRII Library 16/12/2021 122.65 581.5.4 ALS 20656 Books